📖150 premiers mots "Écoute la pluie tomber" Olivia Ruiz - Statistiques

Statistiques générales
  • Ce quiz a Ă©tĂ© pris 6 fois
  • Le rĂ©sultat moyen est 85 sur 150
Statistiques - réponses
Mots % Correct
a
100%
Ă 
100%
Alma,
100%
Cali,
100%
Cali
100%
d'
100%
D'
100%
elle
100%
Elle
100%
en
100%
et
100%
La
100%
la
100%
le
100%
Le
100%
ma
100%
oĂą,
100%
oĂą...
100%
Par
100%
pour
100%
s'
100%
sur
100%
Sur
100%
t'
100%
au
83%
ça
83%
ce
83%
dans
83%
de
83%
est
83%
lui
83%
lui ...
83%
mon
83%
sous
83%
ta
83%
un
83%
Un
83%
une
83%
vie
83%
comme
67%
main
67%
nous
67%
qu'
67%
que
67%
Que
67%
Sans
67%
avait
50%
cas
50%
celle
50%
fille,
50%
lettre
50%
longue
50%
partir
50%
qui
50%
sœur
50%
va
50%
amour.
33%
amour
33%
arriver.
33%
aussi
33%
avant
33%
celui
33%
dernier
33%
disait-
33%
donner
33%
éteinte
33%
laissé
33%
laissé.
33%
mĂŞme
33%
morte
33%
nuit
33%
nuit.
33%
peut
33%
premier
33%
danse
17%
doux
17%
Droit
17%
geste
17%
glissé
17%
Juste
17%
mouvement.
17%
oreiller
17%
pourrait
17%
Puis
17%
tombée
17%
ange
0%
annoncer
0%
blond.
0%
brunettes
0%
brusque
0%
chérie.
0%
choisi
0%
consciente
0%
couches,
0%
couperet
0%
coûter
0%
descendance
0%
familière
0%
guillotine.
0%
incendiaires.
0%
indice
0%
interrupteur.
0%
Lumière.
0%
maternité.
0%
mécanique
0%
nĂ´tre
0%
précaution.
0%
prénom.
0%
préparation.
0%
sienne.
0%
sourire.
0%
terre
0%
Aucun quiz correspondant
Distribution des résultats
% des personnes avec chaque résultat
Percentile par nombre de réponses
Votre historique - résultats
Vous n’avez pas pris ce quiz